000 00360nam a2200121Ia 4500
008 220204s9999 xx 000 0 und d
082 _a581.9(235.243)
_bMAN
100 _aMANI, M S
245 0 _aEcology and phytogeography of high altitude plants of the North West Himalaya
260 _aNew Delhi
_bOxford & IBH
_c1978
650 _aPhytogeography
942 _cBK
999 _c33668
_d33668